1238 1603 1572 1231 1763 1094 1156 1978 1404 1355 1870 1510 1059 1183 1599 1308 1224 1411 1590 1006 1929 1251 1415 1114 1242 1225 1423 1710 1274 1504 1819 1711 1724 1839 1763 1667 1947 1777 1146 1181 1362 1500 1142 1267 1102 1289 1584 1964 1121 1621 1649 1576 1205 1956 1244 1741 1544 1391 1450 1101 1429 1473 1391 1320 1240 1397 1228 1483 1325 1786 1577 1177 1766 1806 1227 1769 1298 1670 1679 1202 1930 1809 1572 1591 1731 1468 1903 1427 1213 1885 1140 1096 1895 1128 1755 1494 1930 1843 1594 BCNSPRNW ULIB Ver.6.0+V

เปลี่ยนเป็นภาษาไทย

Change to English
 แสดงรายละเอียดบรรณานุกรม
  กลับหน้าหลัก

Brief Record : Get Marc (ISO 2709) : E-mail record : QR code < ปิดหน้าต่าง
LEADER : 00000nam 2200000uu 4500
001    13399121460
003     ULIB
008    121120s2548||||th 000 0 tha d
020    ^a9749341473
050  4 ^aZ665^bน522ก
100 0  ^aน้ำทิพย์ วิภาวิน
245 10 ^aการบริหารห้องสมุดยุคใหม่ /^cน้ำทิพย์ วิภาวิน
250    ^aพิมพ์ครั้งแรก
260    ^aกรุงเทพฯ :^bเอสอาร์ พริ้นติ้ง แมสโปรดักส์, ^c2548
300    ^a211 หน้า :^bภาพประกอบ ;^c24 ซม.
505 2  ^aเทคโนโลยีสารสนเทศ --^tหลักการบริหารจัดการ --^tการบริหารห้องสมุดยุคใหม่ --^tจรรยาบรรณวิชาชีพ.
650  4 ^aห้องสมุด^xการบริหาร
650  4 ^aห้องสมุด^xการใช้เครื่องจักรกลอัตโนมัติ
917    ^aLIB :^c159
945    ^p159^l0^i24047
955    ^aT5067, T5068^b2 เล่ม
995    ^aวิภา
999    ^aวิภา
รายการนี้ยังไม่มีแท็ก
คุณยังไม่ได้ล็อกอิน คุณสามารถมีกิจกรรมร่วมกับเว็บไซต์ได้ แต่ต้องล็อกอินก่อน ::
  ล็อกอิน

รายการสื่อสารสนเทศ

ลำดับที่ ประเภท เลขเรียก/บาร์โค้ด สถานที่ สถานะ
1. วิทยาศาสตร์การแพทย์ และสุขภาพ
วิทยาศาสตร์การแพทย์ และสุขภาพ
Z665 น522ก  
  Barcode: 24047
ห้องสมุดวิทยาเขตสวรรค์ประชารักษ์
►หนังสือทั่วไป
บนชั้น

รายการใกล้เคียง
    ผู้แต่ง [น้ำทิพย์ วิภาวิน]

BibComment


ยังไม่เคยถูกคอมเมนท์

คอมเมนท์ทรัพยากรรายการนี้
  คอมเมนท์: การบริหารห้องสมุ..


 Copyright 2026. Bcnsprnw @Library